[Event "SR 3. liga A2 2011/2012"]
[Site "?"]
[Date "2011.11.27"]
[Round "4.5"]
[White "Hrubsa, Marian"]
[Black "Puobis, Jozef"]
[Result "0-1"]
[WhiteElo "1929"]
[BlackElo "1953"]
[PlyCount "130"]
[EventDate "2011.??.??"]

1. e4 d5 2. exd5 Nf6 3. Bb5+ Bd7 4. Bc4 Bg4 5. f3 Bf5 6. Nc3 Nbd7 7. d4 Nb6 8.
Bb5+ Bd7 9. Bd3 Nbxd5 10. Nxd5 Nxd5 11. Ne2 e5 12. O-O exd4 13. Nxd4 Bc5 14.
Re1+ Be6 15. c3 O-O 16. Kh1 Bxd4 17. cxd4 Qh4 18. Re4 Qf6 19. Re5 h6 20. b3
Rfe8 21. Bb2 Rad8 22. Qf1 Qf4 23. Qf2 Nf6 24. Rf1 Nd5 25. Rfe1 Qf6 26. Be4 c6
27. Bb1 Bd7 28. Qc2 g6 29. Qf2 Rxe5 30. dxe5 Qf4 31. Re4 Qg5 32. Qd4 Be6 33.
Qg1 Bf5 34. Re1 Bxb1 35. Rxb1 Qd2 36. Qd1 Qg5 37. Qe1 Qe3 38. Rd1 Qxe1+ 39.
Rxe1 Nf4 40. Bc1 Ne6 41. Kg1 Kg7 42. f4 Rd5 43. Kf2 Nc5 44. Ke3 Nd3 45. Rd1
Nxf4 46. Rxd5 Nxd5+ 47. Kd4 b6 48. g3 g5 49. Ba3 Nc7 50. Ke4 f6 51. Bd6 Nb5 52.
Kf5 Nxd6+ 53. exd6 Kf7 54. g4 a5 55. d7 Ke7 56. d8=Q+ Kxd8 57. Ke6 Kc7 58. Kxf6
Kd6 59. Kg6 Ke5 60. Kxh6 Kf4 61. Kh5 b5 62. h4 gxh4 63. Kxh4 Ke5 64. Kg5 c5 65.
Kh6 c4 0-1

[Event "SR 3. liga A2 2011/2012"]
[Site "?"]
[Date "2011.11.27"]
[Round "4.5"]
[White "Kosar, Mikulas ml"]
[Black "Vogl, Zdenek"]
[Result "1/2-1/2"]
[WhiteElo "1900"]
[BlackElo "1928"]
[PlyCount "131"]
[EventDate "2011.??.??"]

1. e4 e5 2. Nf3 Nc6 3. d4 exd4 4. Bc4 d6 5. Nxd4 Nxd4 6. Qxd4 Be6 7. Nc3 Bxc4
8. Qxc4 a6 9. O-O Be7 10. Rd1 c6 11. e5 d5 12. Qg4 g6 13. Be3 Qc8 14. Qf3 Qf5
15. Qxf5 gxf5 16. Ne2 Bd8 17. Bd4 Ne7 18. Rd3 Ng6 19. Re1 Be7 20. Ng3 c5 21.
Bc3 f4 22. Nf5 d4 23. Ba5 Nh4 24. Nd6+ Bxd6 25. exd6+ Kd7 26. Re7+ Kxd6 27.
Rxf7 Rae8 28. Rxf4 Ng6 29. Rf6+ Kd5 30. Rdf3 Re2 31. R3f5+ Kc4 32. Rb6 Rxc2 33.
b3+ Kd3 34. g3 Rxa2 35. Rxc5 Rf8 36. f4 Re8 37. Rd6 Ree2 38. Rc3+ Ke4 39. Re6+
Kf5 40. Rxe2 Rxe2 41. Rc5+ Ke4 42. f5 Ne5 43. f6 Ng6 44. f7 Re3 45. Rg5 Rf3 46.
Rg4+ Ke5 47. Bc7+ Ke6 48. Rxd4 Rxf7 49. Bb6 Rf3 50. b4 Rb3 51. Bc5 Rb2 52. Rd6+
Kf5 53. Rd7 Kg4 54. Rxh7 Kf3 55. Rf7+ Kg4 56. Rxb7 Ne5 57. h3+ Kxh3 58. Kf1 Nd3
59. Bd4 Rxb4 60. Rxb4 Nxb4 61. Be5 Kg4 62. Ke2 Nc6 63. Bd6 Nd4+ 64. Kf2 a5 65.
Bc5 Nf5 66. Ke2 1/2-1/2

[Event "SR 3. liga A2 2011/2012"]
[Site "?"]
[Date "2011.11.27"]
[Round "4.5"]
[White "Planka, Peter"]
[Black "Kosar, Attila"]
[Result "1-0"]
[WhiteElo "1831"]
[BlackElo "1893"]
[PlyCount "47"]
[EventDate "2011.??.??"]

1. e4 d5 2. exd5 Nf6 3. d4 Nxd5 4. Nf3 Bg4 5. Be2 e6 6. O-O Nc6 7. c3 Be7 8.
Re1 O-O 9. Ne5 Bxe2 10. Qxe2 Nxe5 11. Qxe5 Bd6 12. Qe4 b6 13. Nd2 Nf6 14. Qe2
c5 15. dxc5 Bxc5 16. Nb3 Be7 17. Bg5 Nd5 18. Bxe7 Qxe7 19. Rad1 Rad8 20. Qe5
Qc7 21. Rxd5 Qxe5 22. Rdxe5 Rd7 23. R5e4 a5 24. Rd4 1-0

[Event "SR 3. liga A2 2011/2012"]
[Site "?"]
[Date "2011.11.27"]
[Round "4.5"]
[White "Kosar, Mikulas st"]
[Black "Berger, Patrik"]
[Result "1/2-1/2"]
[WhiteElo "1766"]
[BlackElo "1731"]
[PlyCount "70"]
[EventDate "2011.??.??"]

1. e4 c5 2. Nf3 d6 3. Nc3 Nf6 4. d4 cxd4 5. Nxd4 a6 6. h3 e5 7. Nf3 Be7 8. Bc4
h6 9. O-O Qc7 10. Bb3 O-O 11. Nd5 Nxd5 12. Bxd5 Nd7 13. Re1 Nf6 14. Bb3 a5 15.
a4 Be6 16. c3 Bxb3 17. Qxb3 Qc6 18. Qc2 Nd7 19. Be3 Nc5 20. Nd2 b5 21. axb5
Qxb5 22. f3 Bd8 23. c4 Qc6 24. Nb3 Bb6 25. Nxc5 Bxc5 26. Bxc5 Qxc5+ 27. Kf1
Rfb8 28. Red1 Rb4 29. Ra4 Rab8 30. Rxb4 Rxb4 31. Rc1 Qd4 32. b3 Qb6 33. c5 dxc5
34. Qxc5 Qxc5 35. Rxc5 Rxb3 1/2-1/2

[Event "SR 3. liga A2 2011/2012"]
[Site "?"]
[Date "2011.11.27"]
[Round "4.6"]
[White "Gasa, Andrej"]
[Black "Kovacocy, Pavel"]
[Result "1/2-1/2"]
[WhiteElo "2257"]
[BlackElo "2231"]
[PlyCount "74"]
[EventDate "2011.??.??"]

1. e4 g6 2. d4 Bg7 3. Nc3 d6 4. Be3 a6 5. a4 b6 6. Bc4 e6 7. Qd2 h6 8. Nge2 Ne7
9. f3 Bb7 10. O-O Nd7 11. Rad1 Nf6 12. Bb3 d5 13. exd5 Nfxd5 14. Nxd5 Nxd5 15.
Bxd5 Qxd5 16. b3 Rd8 17. Qc1 Qh5 18. Ng3 Qh4 19. c3 O-O 20. Bf2 Qe7 21. Rfe1
Rd7 22. a5 Qd8 23. axb6 cxb6 24. Ne4 Kh7 25. Be3 e5 26. dxe5 Bxe4 27. fxe4 Bxe5
28. Bxh6 Bxh2+ 29. Kxh2 Qh4+ 30. Kg1 Rxd1 31. Rxd1 Qxh6 32. Qxh6+ Kxh6 33. Rd6
Rc8 34. c4 b5 35. cxb5 axb5 36. Rd5 Re8 37. e5 b4 1/2-1/2

[Event "SR 3. liga A2 2011/2012"]
[Site "?"]
[Date "2011.11.27"]
[Round "4.6"]
[White "Liptak, Tomas"]
[Black "Sebesta, Radovan"]
[Result "0-1"]
[WhiteElo "2103"]
[BlackElo "2069"]
[PlyCount "76"]
[EventDate "2011.??.??"]

1. e4 c5 2. d3 g6 3. f4 Bg7 4. Nf3 Nc6 5. c3 Nf6 6. g3 O-O 7. Bg2 d6 8. Na3 Rb8
9. O-O b5 10. Nc2 Bb7 11. Qe1 e6 12. h3 a5 13. g4 b4 14. c4 a4 15. Qg3 a3 16.
Rb1 axb2 17. Bxb2 Qc7 18. f5 e5 19. Nh2 Nd4 20. Nxd4 exd4 21. Bc1 Nd7 22. g5
Be5 23. Qh4 Bxh2+ 24. Kxh2 gxf5 25. exf5 Bxg2 26. Kxg2 Ne5 27. Qh6 Kh8 28. Qf6+
Kg8 29. Qh6 Kh8 30. Bf4 Rbe8 31. f6 Rg8 32. Rbe1 Qc6+ 33. Kg3 Nxd3 34. Rxe8
Qxe8 35. Bxd6 Qe3+ 36. Rf3 Rxg5+ 37. Kh4 Rg4+ 38. Kh5 Rh4+ 0-1

[Event "SR 3. liga A2 2011/2012"]
[Site "?"]
[Date "2011.11.27"]
[Round "4.6"]
[White "Palka, Miroslav"]
[Black "Machalova, Erika"]
[Result "0-1"]
[WhiteElo "1953"]
[BlackElo "2102"]
[PlyCount "84"]
[EventDate "2011.??.??"]

1. c4 e5 2. Nc3 f5 3. g3 Nf6 4. Bg2 g6 5. d3 Bg7 6. e4 d6 7. exf5 gxf5 8. Bg5
Nc6 9. Bxf6 Qxf6 10. Qh5+ Qg6 11. Qxg6+ hxg6 12. Nd5 Kd8 13. O-O-O Nd4 14. Nf3
Nxf3 15. Bxf3 c6 16. Nc3 Be6 17. h4 Kc7 18. Rhe1 Rad8 19. Kc2 Rhe8 20. b3 d5
21. Bg2 Kb8 22. a4 e4 23. dxe4 fxe4 24. cxd5 cxd5 25. Nb5 Bf5 26. Nd4 Rc8+ 27.
Kb2 Bg4 28. Rd2 Rf8 29. f4 exf3 30. Bf1 Rce8 31. Rxe8+ Rxe8 32. Kc2 Be5 33. Nb5
Bxg3 34. Rxd5 Bxh4 35. Kd2 Rd8 36. Rxd8+ Bxd8 37. Ke3 g5 38. Kf2 Bh5 39. Kg3
Bc7+ 40. Nxc7 Kxc7 41. Bd3 Kd6 42. Be4 b6 0-1

[Event "SR 3. liga A2 2011/2012"]
[Site "?"]
[Date "2011.11.27"]
[Round "4.6"]
[White "Liptak, Dusan"]
[Black "Lanik, Miroslav"]
[Result "1-0"]
[WhiteElo "2075"]
[BlackElo "1936"]
[PlyCount "47"]
[EventDate "2011.??.??"]

1. d4 d5 2. Nf3 Nf6 3. c4 c6 4. e3 e6 5. Nc3 Nbd7 6. Qc2 Bd6 7. g4 Nxg4 8. Rg1
h5 9. h3 Nh6 10. Be2 Nf5 11. cxd5 cxd5 12. Nxd5 Nb6 13. Nc3 Bb4 14. a3 Bxc3+
15. bxc3 g6 16. e4 Ne7 17. Bg5 Qc7 18. Qd2 Bd7 19. Bf4 Qd8 20. c4 Rc8 21. Rc1
O-O 22. Bh6 Re8 23. Ne5 Nc6 24. Nxg6 1-0

[Event "SR 3. liga A2 2011/2012"]
[Site "?"]
[Date "2011.11.27"]
[Round "4.6"]
[White "Palka, Martin"]
[Black "Cechovic, Stefan"]
[Result "1/2-1/2"]
[WhiteElo "1876"]
[BlackElo "2159"]
[PlyCount "40"]
[EventDate "2011.??.??"]

1. e4 c5 2. Nf3 a6 3. d4 cxd4 4. Nxd4 Nf6 5. Nc3 e5 6. Nb3 Bb4 7. Qd3 d5 8. Bd2
d4 9. Ne2 Bxd2+ 10. Nxd2 Nbd7 11. Ng3 O-O 12. Nb3 a5 13. a4 b6 14. Qd2 Qc7 15.
Bd3 Nc5 16. O-O Nxb3 17. cxb3 Qd6 18. Rac1 g6 19. f4 Ng4 20. fxe5 Nxe5 1/2-1/2

[Event "SR 3. liga A2 2011/2012"]
[Site "?"]
[Date "2011.11.27"]
[Round "4.6"]
[White "Sarmir, Milos"]
[Black "Gasa, Patrik"]
[Result "1-0"]
[WhiteElo "2048"]
[BlackElo "1727"]
[PlyCount "71"]
[EventDate "2011.??.??"]

1. e4 e5 2. Nf3 Nc6 3. Bb5 a6 4. Bxc6 dxc6 5. O-O Bg4 6. h3 Bxf3 7. Qxf3 Nf6 8.
d3 g6 9. Bg5 Bg7 10. Nd2 Qe7 11. Qe3 h6 12. Bxf6 Bxf6 13. Nb3 b6 14. c3 c5 15.
f4 exf4 16. Qxf4 Bg5 17. Qf3 O-O 18. Rad1 Rad8 19. d4 f5 20. e5 cxd4 21. cxd4
c5 22. Rfe1 cxd4 23. Qc6 Be3+ 24. Kh1 Qxe5 25. Qxg6+ Kh8 26. Qxb6 Rd6 27. Rxe3
Qg7 28. Qxd6 dxe3 29. Qf4 Qg5 30. Qe5+ Kg8 31. Nd4 f4 32. Qe4 Qh5 33. Rf1 e2
34. Nxe2 Re8 35. Qc4+ Kh8 36. Nxf4 1-0

[Event "SR 3. liga A2 2011/2012"]
[Site "?"]
[Date "2011.11.27"]
[Round "4.6"]
[White "Skapikova, Lubica"]
[Black "Vlkovic, Pavol"]
[Result "1-0"]
[WhiteElo "1867"]
[BlackElo "1838"]
[PlyCount "75"]
[EventDate "2011.??.??"]

1. e4 d6 2. d4 Nf6 3. Nc3 Nbd7 4. Nf3 e5 5. Be2 Be7 6. O-O O-O 7. Re1 c6 8. Bf1
Re8 9. g3 exd4 10. Nxd4 Ne5 11. Bg2 Bg4 12. f3 Bd7 13. Nce2 h6 14. b3 Qc8 15.
c4 Bh3 16. Nf4 Bxg2 17. Kxg2 g6 18. Nd3 Kh7 19. h3 a6 20. Bb2 c5 21. Nc2 Nfd7
22. Ne3 Nxd3 23. Qxd3 Nb6 24. Rad1 Qe6 25. Qc3 Rg8 26. Ng4 Nd7 27. Qd2 Bf8 28.
e5 Nxe5 29. Nxe5 dxe5 30. Bxe5 Qf5 31. g4 Qc8 32. Qd7 Qxd7 33. Rxd7 Bg7 34.
Rxf7 Rad8 35. Rxb7 Rd2+ 36. Kg3 Rxa2 37. Bf6 Kh8 38. Ree7 1-0

[Event "SR 3. liga A2 2011/2012"]
[Site "?"]
[Date "2011.11.27"]
[Round "4.6"]
[White "Hornak, Pavol"]
[Black "Zisek, Jaroslav"]
[Result "1-0"]
[WhiteElo "1778"]
[BlackElo "1860"]
[PlyCount "27"]
[EventDate "2011.??.??"]

1. d4 Nf6 2. c4 e6 3. g3 d5 4. Nf3 c5 5. Bg2 Nc6 6. cxd5 Nxd5 7. O-O Qb6 8. e4
Nf6 9. d5 Nd4 10. Nc3 Be7 11. Ne5 O-O 12. b3 a6 13. Nc4 Qc7 14. Bf4 1-0

[Event "SR 3. liga A2 2011/2012"]
[Site "?"]
[Date "2011.12.11"]
[Round "5.1"]
[White "Danada, Tomas"]
[Black "Bukovsky, Milan"]
[Result "1-0"]
[WhiteElo "2062"]
[BlackElo "1984"]
[PlyCount "103"]
[EventDate "2011.??.??"]

1. d4 Nf6 2. c4 g6 3. Nc3 d5 4. h4 Bg7 5. h5 Nxh5 6. cxd5 c6 7. e4 cxd5 8. e5
Bf8 9. g4 Ng7 10. Bg2 e6 11. Bh6 Qb6 12. Qd2 Nc6 13. Nge2 Bd7 14. Bxd5 O-O-O
15. Be4 Be8 16. Be3 Qa5 17. Bg5 Rd7 18. Bf6 h5 19. f3 h4 20. O-O-O Rh7 21. Kb1
Nb4 22. a3 Nd5 23. Nxd5 Qxd2 24. Rxd2 exd5 25. Rc2+ Rc7 26. Rxc7+ Kxc7 27. Bxd5
Ne6 28. Rxh4 Rxh4 29. Bxh4 Bb5 30. Bxe6 fxe6 31. Nc3 Bc6 32. Ne4 Ba4 33. Kc1
Kc6 34. Kd2 b5 35. Nc3 Bb3 36. Ke3 b4 37. axb4 Bxb4 38. Ne2 Bc2 39. Nf4 Kd7 40.
Nd3 a5 41. Be1 Bf8 42. Bxa5 Bh6+ 43. f4 Bxd3 44. Kxd3 Bxf4 45. Bd2 Bg3 46. Kc4
Kc6 47. b4 Bh4 48. b5+ Kb6 49. Bb4 Bd8 50. Bc5+ Kb7 51. d5 exd5+ 52. Kxd5 1-0

[Event "SR 3. liga A2 2011/2012"]
[Site "?"]
[Date "2011.12.11"]
[Round "5.1"]
[White "Svoboda, Adam"]
[Black "Spacek, Oliver"]
[Result "1/2-1/2"]
[WhiteElo "1967"]
[BlackElo "1907"]
[PlyCount "63"]
[EventDate "2011.??.??"]

1. e4 c5 2. Nf3 Nc6 3. d4 cxd4 4. Nxd4 e5 5. Nb5 a6 6. Nd6+ Bxd6 7. Qxd6 Qf6 8.
Qxf6 Nxf6 9. Nc3 d5 10. exd5 Nb4 11. Bd3 Nbxd5 12. Nxd5 Nxd5 13. Bd2 Be6 14.
O-O-O O-O-O 15. Rde1 Nf4 16. Bxf4 exf4 17. b3 Rd4 18. Re4 Rhd8 19. Rhe1 h6 20.
Rxd4 Rxd4 21. Re4 Rxe4 22. Bxe4 Kc7 23. Kd2 b6 24. Kc3 a5 25. a3 Kd6 26. Kd4 g5
27. b4 axb4 28. axb4 f6 29. c4 h5 30. Bf3 h4 31. Be4 Bd7 32. g3 1/2-1/2

[Event "SR 3. liga A2 2011/2012"]
[Site "?"]
[Date "2011.12.11"]
[Round "5.1"]
[White "Jozefek, Michal"]
[Black "Sturdik, Igor"]
[Result "0-1"]
[WhiteElo "1910"]
[BlackElo "2067"]
[PlyCount "84"]
[EventDate "2011.??.??"]

1. d4 Nf6 2. c4 c5 3. d5 e6 4. Nc3 exd5 5. cxd5 d6 6. e4 g6 7. f4 Bg7 8. Bb5+
Nfd7 9. a4 Qh4+ 10. g3 Qe7 11. Qe2 O-O 12. Nf3 Na6 13. O-O Nb4 14. Be3 Nf6 15.
Bf2 Bg4 16. Rfe1 Bxf3 17. Qxf3 Nc2 18. Rac1 Nxe1 19. Rxe1 a6 20. Bd3 Nd7 21.
Bb1 Rfe8 22. Re2 Rab8 23. g4 b5 24. axb5 axb5 25. g5 b4 26. Nd1 f5 27. gxf6
Qxf6 28. Qg4 Rb7 29. Ne3 Nb6 30. Bg3 c4 31. e5 dxe5 32. fxe5 Rxe5 33. Bxe5 Qxe5
34. Be4 Re7 35. Bf3 Qd4 36. Kf2 c3 37. bxc3 bxc3 38. d6 Qxd6 39. Kg2 Qd4 40.
Qg5 Re5 41. Nf5 Rxe2+ 42. Bxe2 gxf5 0-1

[Event "SR 3. liga A2 2011/2012"]
[Site "?"]
[Date "2011.12.11"]
[Round "5.1"]
[White "Bahna, Jan"]
[Black "Diviak, Rudolf"]
[Result "1-0"]
[WhiteElo "1977"]
[BlackElo "1865"]
[PlyCount "79"]
[EventDate "2011.??.??"]

1. e4 e5 2. Nf3 Nc6 3. Bb5 a6 4. Ba4 Nf6 5. O-O b5 6. Bb3 Be7 7. a4 Bb7 8. Re1
d6 9. c3 Na5 10. Bc2 c5 11. d4 Qc7 12. d5 O-O 13. Nbd2 Bc8 14. Nf1 Bd7 15. Ng3
Nc4 16. b3 Nb6 17. a5 Nc8 18. Bd2 Re8 19. b4 Bg4 20. Bd3 Bf8 21. h3 Bd7 22. Rc1
g6 23. Qe2 c4 24. Bc2 Kh8 25. Ng5 Kg8 26. Be3 Bg7 27. Rf1 h6 28. Nf3 Kh7 29.
Qd2 Ne7 30. Rcd1 Neg8 31. Nh2 Rf8 32. f4 Rae8 33. Rf2 h5 34. Nf3 Bc8 35. Rdf1
Bh6 36. fxe5 Bxe3 37. Qxe3 dxe5 38. Nh4 Qd6 39. Qg5 Nd7 40. Rxf7+ 1-0

[Event "SR 3. liga A2 2011/2012"]
[Site "?"]
[Date "2011.12.11"]
[Round "5.1"]
[White "Spacek, Marcel"]
[Black "Krist, Milan"]
[Result "0-1"]
[WhiteElo "1818"]
[BlackElo "1990"]
[PlyCount "87"]
[EventDate "2011.??.??"]

1. d4 e6 2. c4 Bb4+ 3. Nd2 Nf6 4. Ngf3 c5 5. a3 Bxd2+ 6. Bxd2 b6 7. e3 Bb7 8.
Bd3 O-O 9. O-O d5 10. b4 Ne4 11. Be1 Nc6 12. dxc5 bxc5 13. b5 Ne7 14. Qc2 Qc7
15. Bxe4 dxe4 16. Nd2 f5 17. Nb3 Ng6 18. Ba5 Qe7 19. Bc3 Rac8 20. Nd2 Qg5 21.
Kh1 Rcd8 22. Rg1 Rd3 23. Rae1 Rfd8 24. Nb3 Rc8 25. Nd2 Rcd8 26. Nb3 Rc8 27. a4
f4 28. Qc1 Rf8 29. Na5 Ba8 30. Ba1 fxe3 31. fxe3 Rf2 32. Rd1 Nh4 33. Nc6 Rxg2
34. Rxd3 exd3 35. Bc3 Qg4 36. Qf1 Rxh2+ 37. Kxh2 Nf3+ 38. Qxf3 Qxf3 39. Rxg7+
Kf8 40. Rc7 Bxc6 41. bxc6 d2 42. Rc8+ Ke7 43. c7 d1=Q 44. Re8+ 0-1

[Event "SR 3. liga A2 2011/2012"]
[Site "?"]
[Date "2011.12.11"]
[Round "5.1"]
[White "Mosny, Jaroslav"]
[Black "Hanzluvka, Peter"]
[Result "0-1"]
[WhiteElo "1941"]
[BlackElo "1987"]
[PlyCount "104"]
[EventDate "2011.??.??"]

1. d4 Nf6 2. Nf3 e6 3. e3 b6 4. Bd3 Bb7 5. O-O Be7 6. b3 O-O 7. Bb2 d5 8. Ne5
Nbd7 9. f4 Rc8 10. Nd2 c5 11. c3 Rc7 12. Rf3 Ne4 13. Rh3 Ndf6 14. Ndf3 cxd4 15.
cxd4 Qc8 16. Ng5 h6 17. Ng4 Nxg4 18. Qxg4 f5 19. Qh5 Nxg5 20. fxg5 Bxg5 21. Rg3
Qe8 22. Qe2 Qe7 23. Rf1 Qd6 24. Qh5 Bc6 25. Qe2 Be8 26. Bc1 f4 27. exf4 Bxf4
28. Bxf4 Rxf4 29. Rgf3 Bh5 30. Rxf4 Bxe2 31. Bxe2 g5 32. Rf6 Qb4 33. Kh1 Qxd4
34. h3 Re7 35. Bg4 Kg7 36. Rxe6 Rxe6 37. Bxe6 Qe5 38. Bg4 Qb2 39. Rd1 d4 40.
Be6 Kf6 41. Bc4 Ke5 42. a4 Kf4 43. Rd3 Ke4 44. Rf3 Qb1+ 45. Kh2 d3 46. Bxd3+
Qxd3 47. Rxd3 Kxd3 48. Kg3 Kc3 49. Kg4 Kxb3 50. Kh5 Kxa4 51. Kxh6 b5 52. Kxg5
b4 0-1

[Event "SR 3. liga A2 2011/2012"]
[Site "?"]
[Date "2011.12.11"]
[Round "5.1"]
[White "Skapik, Branislav"]
[Black "Hagara, Vladimir"]
[Result "1/2-1/2"]
[WhiteElo "1848"]
[BlackElo "1927"]
[PlyCount "146"]
[EventDate "2011.??.??"]

1. c4 Nf6 2. Nc3 d5 3. cxd5 Nxd5 4. g3 g6 5. Bg2 Nxc3 6. bxc3 Bg7 7. Nf3 O-O 8.
O-O c5 9. Rb1 Nc6 10. Bb2 e5 11. d3 Be6 12. Ba3 Qa5 13. Qc1 Rab8 14. Ng5 Bd7
15. Ne4 b6 16. Nd6 Ne7 17. Bb2 Bc6 18. c4 Bxg2 19. Kxg2 Rfd8 20. Nb5 Qa6 21. f4
Qb7+ 22. Kg1 e4 23. Be5 Bxe5 24. fxe5 Nc8 25. Qg5 Qe7 26. Qxe7 Nxe7 27. Nd6
exd3 28. exd3 Rf8 29. Ne4 Rbd8 30. Rf3 Nc6 31. Re1 Kg7 32. Nd6 Nd4 33. Rf2 Ne6
34. a3 Rd7 35. Ref1 Re7 36. h4 Nd4 37. g4 Ne6 38. h5 Ng5 39. Re2 Rd8 40. h6+
Kxh6 41. Kf2 Kg7 42. Rfe1 Nh3+ 43. Kf3 Ng5+ 44. Kf2 Ne6 45. Rh1 Ng5 46. Rhe1
Re6 47. Kg3 Re7 48. Kf2 Rh8 49. Kg3 h5 50. Rh1 hxg4 51. Rxh8 Kxh8 52. Kxg4 Ne6
53. Ne4 Ng7 54. Nf6 Nh5 55. Nxh5 gxh5+ 56. Kxh5 Kh7 57. Kg5 Kg7 58. Kf5 Rd7 59.
Re3 Rd4 60. e6 fxe6+ 61. Kxe6 Kg6 62. Rg3+ Kh5 63. Kf5 Kh4 64. Re3 Rd8 65. Kf6
Kg4 66. Ke7 Rd4 67. Ke6 Kf4 68. Rh3 Rd8 69. Kf7 Ke5 70. Ke7 Rd4 71. Re3+ Kf4
72. Rh3 Kg4 73. Re3 Kf4 1/2-1/2

[Event "SR 3. liga A2 2011/2012"]
[Site "?"]
[Date "2011.12.11"]
[Round "5.1"]
[White "Klanica, Anton"]
[Black "Nemeckay, Rastislav"]
[Result "0-1"]
[WhiteElo "1828"]
[BlackElo "1808"]
[PlyCount "132"]
[EventDate "2011.??.??"]

1. e4 e5 2. Nf3 Nc6 3. Bb5 a6 4. Ba4 Nf6 5. d3 b5 6. Bb3 Be7 7. Bg5 d6 8. Bxf6
Bxf6 9. Bd5 Bd7 10. Nbd2 Rb8 11. a3 O-O 12. O-O Ne7 13. Ba2 Be6 14. h3 c5 15.
Bxe6 fxe6 16. b4 Qb6 17. Nb3 Rfd8 18. bxc5 dxc5 19. Qe2 Nc6 20. c3 Na5 21. Rfb1
Nxb3 22. Rxb3 a5 23. Rab1 Qc6 24. Kf1 Rb7 25. Qc2 Rdb8 26. c4 b4 27. axb4 cxb4
28. Qd2 Qc5 29. Qa2 Bd8 30. Qa4 Bb6 31. R1b2 Rf8 32. Ra2 h6 33. Rbb2 Rd8 34.
Rd2 Rbd7 35. Ne1 g5 36. Qd1 Qf8 37. Nf3 Qf6 38. Ne1 Qf4 39. g3 Qf6 40. Kg2 Qg6
41. Qa4 g4 42. hxg4 Qxg4 43. Qb3 h5 44. f3 Qg6 45. c5 Bc7 46. Kh1 Kf7 47. Rg2
Qg5 48. Raf2 Qc1 49. Rf1 Rxd3 50. Qa4 Rc3 51. Kg1 Qe3+ 52. Kh2 Rxc5 53. Nc2 Qd3
54. Rff2 Qb5 55. Qb3 Rc3 56. Qb1 Bb6 57. Rd2 Rxf3 58. Rxd8 Bxd8 59. Qd1 Qd3 60.
Qc1 Qxe4 61. Qh6 Qf5 62. Qd2 Ke7 63. Ne3 Qe4 64. Nd1 h4 65. Qg5+ Kd7 66. Rd2+
Rd3 0-1

[Event "SR 3. liga A2 2011/2012"]
[Site "?"]
[Date "2011.12.11"]
[Round "5.2"]
[White "Malar, Pavol"]
[Black "Mihalik, Anton"]
[Result "1-0"]
[WhiteElo "2102"]
[BlackElo "1965"]
[PlyCount "99"]
[EventDate "2011.??.??"]

1. e4 c5 2. Nf3 d6 3. Bb5+ Bd7 4. Bxd7+ Nxd7 5. O-O Ngf6 6. Re1 e5 7. d3 Be7 8.
Nbd2 O-O 9. Nf1 Re8 10. Ng3 g6 11. h3 Nf8 12. c3 Ne6 13. d4 cxd4 14. cxd4 Nd7
15. d5 Ng7 16. Bh6 Nf6 17. Qd2 Nfh5 18. Nf1 Rc8 19. Ne3 Nf6 20. Ng4 Nxg4 21.
hxg4 Qd7 22. Nh2 Rc7 23. Re3 Rec8 24. Rh3 Bf8 25. Qe3 b6 26. Qf3 Qd8 27. Bd2 f6
28. Qg3 Ne8 29. g5 Rf7 30. Qh4 Rcc7 31. Rc1 Rxc1+ 32. Bxc1 Qc7 33. Rc3 Qd7 34.
gxf6 Nxf6 35. Bg5 Be7 36. Nf3 Ne8 37. Bxe7 Rxe7 38. Ng5 Nc7 39. Nf3 Nb5 40. Rc6
Nc7 41. Nh2 Ne8 42. Ng4 Kg7 43. Qh6+ Kg8 44. Qg5 Kf7 45. Nh6+ Kf8 46. Rc3 Ng7
47. Qf6+ Ke8 48. Rc6 Ne6 49. dxe6 Qxc6 50. Qh8# 1-0

[Event "SR 3. liga A2 2011/2012"]
[Site "?"]
[Date "2011.12.11"]
[Round "5.2"]
[White "Manak, Adrian"]
[Black "Slamena, Michal"]
[Result "1-0"]
[WhiteElo "1931"]
[BlackElo "1976"]
[PlyCount "87"]
[EventDate "2011.??.??"]

1. e4 c5 2. Nf3 d6 3. d4 cxd4 4. Nxd4 Nf6 5. Nc3 g6 6. Be3 Bg7 7. Qd2 O-O 8. f3
Nc6 9. O-O-O Bd7 10. g4 Ne5 11. h4 Rc8 12. h5 Nxf3 13. Nxf3 Bxg4 14. Be2 Nxh5
15. Bd4 Bxd4 16. Nxd4 Bxe2 17. Ndxe2 Qa5 18. Rdg1 Rc5 19. Ng3 Nxg3 20. Rxg3 Rh5
21. Rgh3 Rxh3 22. Rxh3 Qe5 23. Qh6 Qg7 24. Qg5 e6 25. Qe7 Qe5 26. Qh4 h5 27.
Rg3 Kg7 28. Ne2 d5 29. Nc3 dxe4 30. Nxe4 Qf5 31. b3 e5 32. Kb2 Qf4 33. Qh1 f5
34. Qg2 Qh6 35. Ng5 Kh8 36. Qxb7 h4 37. Rg1 Qh5 38. Nf7+ Kg8 39. Nxe5 g5 40.
Qd5+ Kh8 41. Qd6 Rg8 42. Rd1 h3 43. Qf6+ Rg7 44. Rd8+ 1-0

[Event "SR 3. liga A2 2011/2012"]
[Site "?"]
[Date "2011.12.11"]
[Round "5.2"]
[White "Majtan, Martin"]
[Black "Bincik, Pavol"]
[Result "0-1"]
[WhiteElo "1857"]
[BlackElo "1916"]
[PlyCount "80"]
[EventDate "2011.??.??"]

1. e4 c6 2. d4 d5 3. e5 c5 4. c3 Nc6 5. Nf3 Bg4 6. Be2 e6 7. h3 Bxf3 8. Bxf3
cxd4 9. cxd4 Qb6 10. O-O Qxd4 11. Nc3 Qxd1 12. Bxd1 Bc5 13. Bf4 Nge7 14. Nb5
O-O 15. Ba4 Nd4 16. Be3 Nef5 17. Nxd4 Bxd4 18. Bxd4 Nxd4 19. Rfd1 Nc6 20. f4
Rac8 21. a3 Rc7 22. Rac1 Rfc8 23. b4 Ne7 24. Rb1 Rc3 25. Ra1 a6 26. Rd2 R8c4
27. Rf2 b5 28. Bd1 Ng6 29. f5 Rc1 30. Rxc1 Rxc1 31. Rd2 Nxe5 32. Kf2 Nc4 33.
Rd4 Nxa3 34. fxe6 fxe6 35. Bg4 Kf7 36. Rd3 Nc4 37. Rf3+ Ke7 38. Kg3 Ne5 39. Ra3
Nxg4 40. Kxg4 Rc4+ 0-1

[Event "SR 3. liga A2 2011/2012"]
[Site "?"]
[Date "2011.12.11"]
[Round "5.2"]
[White "Nemsak, Denis"]
[Black "Gajarsky, Roman"]
[Result "1-0"]
[WhiteElo "1916"]
[BlackElo "1915"]
[PlyCount "98"]
[EventDate "2011.??.??"]

1. c4 f5 2. Nc3 Nf6 3. d4 b6 4. Qc2 g6 5. Nf3 Bb7 6. Bg5 Bg7 7. e3 d5 8. Bxf6
Bxf6 9. cxd5 O-O 10. Ne5 c5 11. dxc6 Nxc6 12. Rd1 Qd6 13. f4 e6 14. Nf3 Nb4 15.
Qf2 Nd5 16. Bd3 Qb4 17. a3 Qb3 18. Nxd5 Bxd5 19. O-O Rac8 20. Qe2 Rc7 21. Ba6
Rc2 22. Rd2 Bc4 23. Bxc4 Rxc4 24. Qd3 Qxd3 25. Rxd3 Rc2 26. Rb1 Rfc8 27. Ne1
R2c4 28. Kf2 g5 29. fxg5 Bxg5 30. Ke2 f4 31. e4 e5 32. Nf3 Bf6 33. Rbd1 Re8 34.
Nd2 Rc2 35. dxe5 Rxe5 36. Kf3 Bg5 37. h4 Bxh4 38. Kxf4 Re8 39. b3 h6 40. e5
Bg5+ 41. Ke4 Kf7 42. g3 Bf6 43. Nc4 Be7 44. Rd7 Ke6 45. Rxa7 Rg8 46. Rdd7 Bc5
47. Rf7 Rg6 48. Nxb6 Re2+ 49. Kd3 Re3+ 1-0

[Event "SR 3. liga A2 2011/2012"]
[Site "?"]
[Date "2011.12.11"]
[Round "5.2"]
[White "Jancicka, Viliam"]
[Black "Slaby, Jozef"]
[Result "0-1"]
[WhiteElo "1890"]
[BlackElo "1856"]
[PlyCount "86"]
[EventDate "2011.??.??"]

1. d4 d5 2. Nf3 e6 3. c4 Nf6 4. Nc3 h6 5. Qc2 a6 6. Bf4 Bd6 7. e3 Bxf4 8. exf4
O-O 9. Rd1 b6 10. b4 Bb7 11. c5 Nc6 12. a3 Qe7 13. Be2 Rfd8 14. O-O bxc5 15.
bxc5 Rdb8 16. Rfe1 a5 17. Ne5 Nd8 18. Rb1 Ne4 19. Bd3 Nxc3 20. Qxc3 c6 21. f5
f6 22. Ng6 Qf7 23. fxe6 Nxe6 24. Bf5 Bc8 25. Qe3 Bd7 26. g4 Rxb1 27. Rxb1 Re8
28. Rb7 Nxc5 29. Rxd7 Nxd7 30. Qc3 Nf8 31. Nxf8 Kxf8 32. Qxc6 g6 33. Bd7 Re7
34. Qd6 Kg7 35. Bc6 Qe6 36. Qxe6 Rxe6 37. Bxd5 Rd6 38. Bc4 Rxd4 39. Be2 Ra4 40.
h4 Rxa3 41. f3 a4 42. Kf2 Rc3 43. Ke1 a3 0-1

[Event "SR 3. liga A2 2011/2012"]
[Site "?"]
[Date "2011.12.11"]
[Round "5.2"]
[White "Orvisky, Vladimir"]
[Black "Niznansky, Lukas"]
[Result "1/2-1/2"]
[WhiteElo "1838"]
[BlackElo "1740"]
[PlyCount "93"]
[EventDate "2011.??.??"]

1. c4 e5 2. Nc3 Nf6 3. Nf3 Nc6 4. g3 Be7 5. Bg2 O-O 6. O-O d6 7. d4 Bf5 8. d5
Na5 9. Nd2 b6 10. b4 Nb7 11. a3 Qd7 12. Re1 Bh3 13. Bh1 Ng4 14. Nf1 f5 15. f3
Nf6 16. e3 Qe8 17. Qe2 Qg6 18. Nd1 Rae8 19. Nf2 Bxf1 20. Qxf1 Nh5 21. Qg2 f4
22. g4 fxe3 23. Bxe3 Nf4 24. Qf1 Bh4 25. Red1 Nd8 26. Ra2 h5 27. h3 Nf7 28. Nd3
Nxd3 29. Qxd3 Qxd3 30. Rxd3 hxg4 31. hxg4 Ng5 32. Bc1 Nh3+ 33. Kh2 Ng5 34. Re2
Rf7 35. f4 Nh7 36. Rde3 Rfe7 37. Rh3 exf4 38. Rxe7 Bxe7 39. Bxf4 Bg5 40. Bxg5
Nxg5 41. Rd3 Re2+ 42. Kg3 Rc2 43. Rd4 Rc3+ 44. Kf4 Nf7 45. Bf3 Rxa3 46. b5 Ne5
47. Be2 1/2-1/2